000 00504nam a22001457a 4500
003 MACL
005 20200312121243.0
008 200312b xxu||||| |||| 00| 0 eng d
040 _cMACL
100 _aदृष्टि पब्लिकेशन
_978592
245 _aभारतीय अर्थव्‍यस्‍था
260 _aदिल्‍ली
_bदृष्टि पब्लिकेशन
_c2020
650 _aअर्थव्‍यवस्‍था
_972371
942 _2ddc
_cHIN
999 _c62377
_d62377